000 00459nam a22001937a 4500
003 MPLRDC
005 20220104113911.0
008 210129b ||||| |||| 00| 0 eng d
020 _a957-599-048-X
082 _a848.2 BXY-4 c.2
100 _a白先勇著
245 _a谪仙记
_c
250 _a一版六刷
260 _a
_b水牛出版社
_c1991
300 _b
490 _a创作选集;43
650 _a现代别集
942 _cBK
_o848.2 BXY-4 c.2
999 _c3235
_d3225